000 01136nam a2200253 i 4500
003 EG-ScBUE
005 20231126122411.0
008 110712s1960 le f b 000 0 ara d
040 _aEG-ScBUE
_bara
_erda
_cEG-ScBUE
_dEG-ScBUE
082 0 4 _222
_a909.04927
_bط ل س
100 1 _926291
_aطلس، محمد أسعد،
_eمؤلف.
245 1 0 _aتاريخ الأمة العربية :
_bعصر الإزدهار : تاريخ الدولة العباسية منذ عهد أبي العباس السفاح إلى نهاية عهد المعتصم بالله من سنة 132 هـ إلى سنة 232 هـ /
_cتأليف محمد أسعد طلس.
250 _aالطبعة الأولى.
264 1 _aبيروت :
_bدار الأندلس،
_c1960.
300 _a194 صفحة ؛
_c22 سم
336 _2rdacontent
_aنص
_btxt
337 _aبدون وسيط
_2rdamedia
_bn
338 _aمجلد
_bnc
_2rdacarrier
504 _aيشتمل على إرجاعات ببليوجرافية.
651 7 _a‪الدول العربية
_xتاريخ
_yالعصر العباسي.
_2BUEsh
653 _cJuly2011
655 _vReading book
942 _2ddc
_cBB
999 _c15689
_d15689